| 000 | 00692nam a2200157 a 4500 | ||
|---|---|---|---|
| 008 | 120416s1983 ||||||||||||||||| || u | ||
| 050 | _aHD 7334.A3 Sim | ||
| 100 | _aSimpson, Barry J | ||
| 245 | 1 | 0 | _aSite costs in housing development |
| 260 |
_aLondon _bConstruction P _c1983 |
||
| 350 | _a0.00 | ||
| 650 | _aHOUSING DEVELOPMENT--TAJIKISTAN | ||
| 650 | _aHOUSING | ||
| 995 |
_aMAIN LIBRARY OPEN ACCESS _D0.00 _e708829 _FCBU-MAIN LIBRARY (Kitwe) _H1 _I10.50 _jHD 7334.A3 Sim _M1 _UAVAILABLE _y004386 _ZMain Library Open Access Collection |
||
| 995 |
_aMAIN LIBRARY OPEN ACCESS _D0.00 _e708828 _FCBU-MAIN LIBRARY (Kitwe) _H2 _I10.50 _jHD 7334.A3 Sim _M2 _UAVAILABLE _y004385 _ZMain Library Open Access Collection |
||
| 999 |
_c76517 _d76517 |
||